000 00849cam a22001815a 4500
001 L158105
008 140609s2014 xxk f 000 0 eng d
035 _a(Sirsi) u158105
041 0 _aeng
110 2 _aCushman and Wakefield
_9244
245 0 0 _aWhere in the world?
_bManufacturing index 2014
_h[electronic resource]
260 _aLondon
_cCushman and Wakefield
_b2014
520 _aThe Manufacturing Index first published in 2013 highlights important factors that manufactures throughout the world need to take into consideration when relocating and the importance of local market conditions.
651 4 _aInternational
690 _aCommercial property
_96227
856 4 0 _uhttps://www.cushmanwakefield.com/en/research-and-insight/2014/manufacturing-index-2014/
_zView the item free of charge from the www.cushmanwakefield.com
942 _n0
999 _c115145
_d115145